[Event "57.SMM SK Steineggc-Klausen/Rk"]
[Site "Shredder fur iPad"]
[Date "2026.01.10"]
[Round "5.1"]
[White "Schacher, Gerd"]
[Black "Engl, Stefan"]
[Result "1-0"]
[WhiteElo "2255"]
[BlackElo "2022"]
[PlyCount "62"]
[EventDate "2026.??.??"]

{[%evp 0,62,19,27,41,-16,44,35,42,42,45,50,46,34,33,24,47,48,74,58,56,56,50,51,61,-2,31,35,36,-33,46,62,77,74,131,131,131,122,161,122,147,83,83,61,112,54,46,135,135,156,156,143,207,56,339,133,135,81,190,207,194,194,194,255,283]} 1. Nf3 e6 2. c4 f5 3. g3 Nf6 4. Bg2 Be7 5. O-O O-O 6. d3 d6 7. Nc3 e5 8. b4 Qe8 9. a4 a5 10. b5 Nbd7 11. Ba3 f4 12. e3 fxg3 13. fxg3 Qh5 14. Qe2 e4 15. dxe4 Re8 16. Rae1 Ng4 17. Nd5 Bd8 18. Nf4 Qh6 19. h3 Nge5 20. Nd4 Nb6 21. Nf5 Qg5 22. Rc1 Bxf5 23. exf5 Qxg3 24. c5 dxc5 25. Bxc5 Be7 26. Ne6 Ned7 27. Bxe7 Rxe7 28. Rxc7 Rb8 29. Qf2 Qxf2+ 30. Rxf2 Rf7 31. Ng5 Rf6 1-0

[Event "57.SMM SK Steineggc-Klausen/Rk"]
[Site "Shredder fur iPad"]
[Date "2026.01.10"]
[Round "5.2"]
[White "Pichler Martin"]
[Black "Seebacher Michael"]
[Result "1-0"]
[WhiteElo "1962"]
[BlackElo "2110"]
[PlyCount "85"]
[EventDate "2026.??.??"]

{[%evp 0,85,25,30,68,74,57,44,59,37,68,29,29,28,45,27,28,8,32,12,32,37,37,10,48,20,35,57,56,44,51,53,59,65,101,101,149,44,247,147,157,47,21,24,47,45,47,47,191,173,210,195,233,254,284,300,311,311,393,421,459,459,543,465,533,595,765,531,554,574,679,947,1363,893,893,705,684,690,717,738,1003,824,1890,1776,29985,29986,29995,29996]} 1. e4 c6 2. d4 d5 3. exd5 cxd5 4. Bf4 Nc6 5. c3 Nf6 6. Nd2 Bf5 7. Ngf3 e6 8. Qb3 Bd6 9. Qxb7 Bxf4 10. Qxc6+ Kf8 11. Qa6 h5 12. Be2 Ne4 13. g3 Bxd2+ 14. Nxd2 h4 15. Nxe4 Bxe4 16. f3 hxg3 17. fxe4 Rxh2 18. O-O-O Qh4 19. Rxh2 Qf4+ 20. Kc2 gxh2 21. Qd3 dxe4 22. Qh3 Qf2 23. Kd2 Ke7 24. Rh1 Rb8 25. b3 Rc8 26. Qxh2 e3+ 27. Kc2 Qf5+ 28. Kb2 Qa5 29. Bc4 Qf5 30. Rf1 Qg6 31. Qe2 a5 32. Qxe3 a4 33. Rg1 a3+ 34. Kxa3 Qc2 35. Qg5+ Kd6 36. Qf4+ Kc6 37. Qf3+ Kb6 38. Rg2 Qc1+ 39. Kb4 Rb8 40. Bb5 Rb7 41. Qc6+ Ka7 42. Rxg7 Qf4 43. Qa6+ 1-0

[Event "57.SMM SK Steineggc-Klausen/Rk"]
[Site "Shredder fur iPad"]
[Date "2026.01.10"]
[Round "5.3"]
[White "Seebacher Reinhard"]
[Black "Lantschner Carmen"]
[Result "1/2-1/2"]
[WhiteElo "1927"]
[BlackElo "1833"]
[PlyCount "97"]
[EventDate "2026.??.??"]

{[%evp 0,97,34,30,75,75,80,79,73,72,91,81,90,91,83,60,71,71,59,34,39,14,4,-15,-8,-10,-16,-15,8,-32,3,-12,22,-23,40,12,17,0,1,17,2,9,10,5,37,-25,-24,-41,-25,-15,-18,-31,-25,-49,-14,-42,-14,-59,-40,-49,-27,-30,-22,-45,-59,-95,-105,-109,-99,-105,-96,-96,-63,-110,-100,-140,-107,-156,-98,-166,-169,-212,-85,-186,-76,-241,-70,-60,-68,-82,-68,-68,-68,-68,-81,-84,-63,-84,-79,-74]} 1. d4 d6 2. Nc3 g6 3. e4 Bg7 4. Be3 Nd7 5. Nf3 e6 6. Qd2 b6 7. h4 h6 8. O-O-O Bb7 9. Bb5 a6 10. Bxd7+ Qxd7 11. Ne1 O-O-O 12. f3 Ne7 13. Nd3 Nc6 14. Ne2 Na5 15. b3 Nc6 16. Nb4 Nb8 17. Nd3 Nc6 18. Nb2 Qe7 19. Kb1 d5 20. e5 Kb8 21. Nd3 Rc8 22. f4 h5 23. g3 a5 24. Nc3 Ba6 25. Nb2 Bf8 26. Qf2 Kb7 27. Nca4 Bb5 28. Rc1 Qa3 29. c3 Qe7 30. Rhd1 Qd7 31. Ka1 Ba3 32. Rb1 Ne7 33. Qd2 Rhd8 34. Qc2 Nf5 35. Bf2 Nh6 36. Rd2 Nf5 37. Be1 Qe8 38. c4 Bc6 39. c5 Bb4 40. Rdd1 Ka7 41. Nd3 Ba3 42. Ndb2 Nh6 43. Bf2 Nf5 44. Qd2 Bb5 45. Qc2 Rb8 46. Rdc1 Rdc8 47. Rd1 Qd7 48. Rdc1 Qe8 49. Rd1 1/2-1/2

[Event "57.SMM SK Steineggc-Klausen/Rk"]
[Site "Shredder fur iPad"]
[Date "2026.01.10"]
[Round "5.4"]
[White "Psenner Matthias"]
[Black "Schrott Karl"]
[Result "0-1"]
[WhiteElo "1732"]
[BlackElo "1945"]
[PlyCount "128"]
[EventDate "2026.??.??"]

{[%evp 0,114,18,24,57,9,36,47,74,61,112,74,71,71,71,22,33,15,17,33,33,26,19,-1,0,-45,7,-87,-76,-76,-71,-117,-117,-145,-88,-61,-51,-51,-58,-64,-69,-123,-125,-107,-121,-133,-127,-133,-117,-100,-68,-122,-107,-132,-97,-171,-160,-211,-154,-192,-131,-259,-319,-343,-280,-335,-371,-418,-418,-466,-444,-536,-644,-644,-482,-482,-455,-589,-627,-627,-603,-589,-549,-564,-602,-614,-475,-554,-538,-577,-469,-486,-513,-538,-556,-588,-511,-575,-577,-599,-580,-603,-622,-623,-651,-653,-670,-679,-719,-758,-802,-29991,-1157,-1224,-1439,-1459,-1607]} 1. e4 c5 2. c3 d6 3. d4 cxd4 4. cxd4 g6 5. Nc3 Bg7 6. Nf3 Nf6 7. Qa4+ Bd7 8. Qb3 O-O 9. Be2 Nc6 10. d5 Na5 11. Qa3 Rc8 12. Be3 Ng4 13. Bd4 Bxd4 14. Nxd4 Qb6 15. Bxg4 Bxg4 16. Nde2 Nc4 17. Qb3 Nxb2 18. Qxb6 axb6 19. f3 Bd7 20. Kd2 Rc5 21. Rab1 Nc4+ 22. Kd3 Ra8 23. Rb4 b5 24. Rhb1 Ra3 25. Kd4 e5+ 26. dxe6 fxe6 27. f4 b6 28. h3 Kf7 29. g4 Bc6 30. e5 dxe5+ 31. fxe5 Nxe5 32. Rf1+ Ke7 33. Rb3 Ra8 34. Nf4 Nc4 35. Kd3 Rd8+ 36. Ke2 Re5+ 37. Kf2 Nd2 38. Rc1 Nxb3 39. axb3 Rf8 40. Nce2 Rc5 41. Rxc5 bxc5 42. Ke3 Bd5 43. b4 cxb4 44. Nd4 b3 45. Nxd5+ exd5 46. Nxb3 Kd6 47. h4 Ke5 48. h5 gxh5 49. gxh5 Ra8 50. Nc5 Ra3+ 51. Kd2 Rh3 52. Nd7+ Kd4 53. Nf6 Rh2+ 54. Kd1 b4 55. Nxh7 Rxh5 56. Nf6 Rh4 57. Kc2 Kc4 58. Nd7 Rh2+ 59. Kd1 d4 60. Ne5+ Kc3 61. Nf3 Ra2 62. Ng5 Kd3 63. Kc1 Rc2+ 64. Kb1 Rc3 0-1

[Event "57.SMM SK Steineggc-Klausen/Rk"]
[Site "Shredder fur iPad"]
[Date "2026.01.10"]
[Round "5.5"]
[White "Schrott Johann"]
[Black "Schroffenegger Simon"]
[Result "1-0"]
[WhiteElo "1888"]
[BlackElo "1715"]
[PlyCount "105"]
[EventDate "2026.??.??"]

{[%evp 0,105,24,24,11,22,33,7,7,20,16,3,20,11,25,10,-2,-1,16,21,20,17,19,-6,26,11,31,27,67,44,49,18,42,45,41,10,45,38,35,34,40,47,45,24,45,39,41,40,47,49,52,54,59,52,71,54,76,66,107,77,58,58,71,78,167,138,163,135,136,136,136,132,145,149,188,188,181,174,169,146,160,148,169,142,152,160,186,203,199,232,304,327,333,349,368,384,360,360,456,393,393,459,470,492,500,509,750,769]} 1. e4 e5 2. Nf3 Nf6 3. Nc3 Nc6 4. Bb5 Bc5 5. d3 d6 6. h3 a6 7. Ba4 Bd7 8. Bb3 Nd4 9. Nxd4 Bxd4 10. Ne2 Ba7 11. Ng3 Qe7 12. Qf3 Be6 13. Nf5 Qf8 14. Bg5 Nd7 15. Be3 Bxb3 16. axb3 Bxe3 17. Qxe3 h5 18. Qg5 g6 19. Ne3 Qh6 20. Qxh6 Rxh6 21. Rf1 c6 22. f4 Ke7 23. Ke2 exf4 24. Rxf4 Nc5 25. Raf1 Rf8 26. Rf6 Nd7 27. R6f2 Nc5 28. Nc4 g5 29. b4 Ne6 30. Na5 Nf4+ 31. Kd2 f6 32. Nxb7 Kd7 33. Na5 h4 34. Ra1 Rb8 35. c3 Kc7 36. Nc4 Rhh8 37. Rxa6 Ra8 38. Rxa8 Rxa8 39. Na3 Re8 40. Nc4 Ra8 41. Na3 Re8 42. c4 d5 43. exd5 cxd5 44. c5 d4 45. Nb5+ Kb8 46. Nxd4 Kc7 47. Ne2 Nd5 48. Rf5 Rd8 49. d4 Kc6 50. Nc3 Nxb4 51. Rxf6+ Kc7 52. Nb5+ Kb7 53. Rb6+ 1-0

[Event "57.SMM SK Steineggc-Klausen/Rk"]
[Site "Shredder fur iPad"]
[Date "2026.01.10"]
[Round "5.6"]
[White "Lantschner, Alexander"]
[Black "Senn, Stefan"]
[Result "0-1"]
[WhiteElo "1581"]
[BlackElo "1650"]
[PlyCount "56"]
[EventDate "2026.??.??"]

{[%evp 0,56,28,22,74,57,58,52,45,41,60,50,38,23,11,-7,-12,9,29,-4,4,-15,-20,-28,-26,-20,-8,-17,-4,-2,1,-2,9,0,-2,-18,394,2,10,101,245,126,248,129,56,74,74,-79,-167,-173,0,-777,-819,-1648,-1870,-2298,-29980,-29989,-29990]} 1. e4 c6 2. Nc3 d5 3. exd5 cxd5 4. d4 Nf6 5. Nf3 Bg4 6. Be2 e6 7. h3 Bxf3 8. Bxf3 Be7 9. Bg5 h6 10. Bh4 Nc6 11. Ne2 O-O 12. O-O Ne8 13. Bxe7 Nxe7 14. c3 Nf5 15. Nf4 Qg5 16. Nd3 Ned6 17. Nc5 f6 18. Nd7 Rf7 19. Nc5 Re7 20. Re1 Rae8 21. Rxe6 Nh4 22. Rxe7 Rxe7 23. Kf1 Nc4 24. Nb3 Re3 25. Rb1 Rxf3 26. gxf3 Qg2+ 27. Ke2 Qxf3+ 28. Ke1 Ng2+ 0-1

[Event "57.SMM ASD Arci BZ 2-Gröden"]
[Site "?"]
[Date "2026.01.10"]
[Round "5.1"]
[White "Moroder, Stephan"]
[Black "Bodrov, Timofey"]
[Result "1/2-1/2"]
[WhiteElo "2179"]
[BlackElo "2110"]
[PlyCount "33"]
[EventDate "2026.??.??"]

1. d4 Nf6 2. c4 g6 3. Nc3 Bg7 4. e4 d6 5. Be2 O-O 6. Be3 c5 7. dxc5 Qa5 8. Bd2 dxc5 9. Nf3 Nc6 10. h3 Qd8 11. O-O Nd7 12. Re1 Re8 13. Rc1 Nf8 14. Bf1 Ne6 15. e5 Ned4 16. Bf4 Ne6 17. Bd2 1/2-1/2

[Event "57.SMM ASD Arci BZ 2-Gröden"]
[Site "?"]
[Date "2026.01.10"]
[Round "5.4"]
[White "Addante, Francesco"]
[Black "Moroder, Thomas"]
[Result "1/2-1/2"]
[WhiteElo "1874"]
[BlackElo "2045"]
[PlyCount "74"]
[EventDate "2026.??.??"]

1. Nf3 Nf6 2. g3 g6 3. b3 c5 4. Bb2 Bg7 5. Bg2 O-O 6. O-O d5 7. c4 d4 8. b4 cxb4 9. a3 bxa3 10. Bxd4 Nc6 11. Bc3 Be6 12. Nxa3 Qc8 13. Qb3 b6 14. Qa4 Bd7 15. Rfb1 Ne4 16. Bxg7 Kxg7 17. Qc2 Nf6 18. d3 Bh3 19. Bh1 Bg4 20. Qb2 Rb8 21. Nb5 a6 22. Nbd4 Bxf3 23. Bxf3 Na5 24. Ra4 Kg8 25. Rb4 Nd7 26. Bg4 e6 27. Bf3 Qc7 28. Qa2 Qc5 29. Qb2 Qc7 30. Qd2 Rfd8 31. Qe3 Ne5 32. Bg2 Ng4 33. Qe4 Qc5 34. Nxe6 Qxf2+ 35. Kh1 Re8 36. Qxg4 Rxe6 37. R4b2 Rbe8 1/2-1/2

[Event "57.SMM ASD Arci BZ 2-Gröden"]
[Site "?"]
[Date "2026.01.10"]
[Round "5.5"]
[White "Bernardi, Ruben"]
[Black "Puechler, Ruben"]
[Result "1-0"]
[WhiteElo "2028"]
[BlackElo "1842"]
[PlyCount "73"]
[EventDate "2025.??.??"]
[SourceVersionDate "2026.01.11"]

{[%evp 0,73,19,38,25,5,3,3,21,2,20,2,-6,-5,0,0,0,-23,-21,0,-9,-11,-11,-21,12,7,0,0,62,77,77,52,74,74,24,33,73,32,90,48,101,81,60,59,125,141,139,74,124,104,118,119,176,140,132,129,226,164,376,140,188,127,132,102,102,89,93,91,352,96,131,122,101,123,2076,2527]} 1. e4 e5 2. d4 exd4 3. Nf3 Nc6 4. Nxd4 Nf6 5. Nxc6 bxc6 6. e5 Qe7 7. Qe2 Nd5 8. h4 d6 9. c4 Nb6 10. exd6 cxd6 11. Nc3 Be6 12. b3 d5 13. cxd5 Qf6 14. Bb2 Bb4 15. O-O-O Bxc3 16. dxe6 fxe6 17. Bxc3 Qxc3+ 18. Kb1 Qf6 19. Qb2 e5 20. Bd3 O-O 21. f3 c5 22. Qc2 h6 23. Rc1 Rfc8 24. Qe2 a5 25. Rhe1 a4 26. Qxe5 axb3 27. axb3 Qd8 28. Rcd1 Nd7 29. Qc3 Rc7 30. Bc4+ Kh8 31. Re6 Qxh4 32. Red6 Nf8 33. g3 Qg5 34. f4 Qh5 35. g4 Qh2 36. Qd2 Qg3 37. Qd5 1-0

[Event "57.SMM B Tramin/Kaltern 2-Taufers"]
[Site "Kaltern"]
[Date "2026.01.10"]
[Round "5.1"]
[White "Holzer, Philipp"]
[Black "Unterkofler, Alex"]
[Result "1/2-1/2"]
[WhiteElo "1906"]
[BlackElo "1869"]
[PlyCount "90"]
[EventDate "2026.??.??"]

1. e4 c6 2. d4 d5 3. Bd3 dxe4 4. Bxe4 Nf6 5. Nc3 Nxe4 6. Nxe4 Bf5 7. Ng3 Bg6 8. Nf3 e6 9. h4 h6 10. Ne5 Qf6 11. Nxg6 Qxg6 12. h5 Qf6 13. Ne4 Qf5 14. Qe2 Be7 15. Bd2 Nd7 16. O-O-O Nf6 17. f3 Qb5 18. Qxb5 cxb5 19. Kb1 O-O 20. g4 Rfd8 21. c3 Nxe4 22. fxe4 b4 23. Be3 bxc3 24. bxc3 Rac8 25. Rd3 Rc4 26. Rh2 b6 27. Rb2 e5 28. Rb5 Bf6 29. Rd5 Rxd5 30. exd5 Kf8 31. dxe5 Bxe5 32. Kc2 Rxg4 33. d6 Ke8 34. d7+ Kd8 35. Kb3 Bf6 36. a4 Re4 37. a5 Re6 38. axb6 axb6 39. Ka4 Be5 40. Kb5 Rd6 41. Bxb6+ Kxd7 42. Rf3 Rf6 43. Rd3+ Rd6 44. Rf3 Rf6 45. Rd3+ Rd6 1/2-1/2

[Event "57.SMM B Tramin/Kaltern 2-Taufers"]
[Site "Kaltern"]
[Date "2026.01.10"]
[Round "5.4"]
[White "Martinelli, Michele"]
[Black "Forer, Erich"]
[Result "1-0"]
[WhiteElo "1811"]
[BlackElo "1875"]
[PlyCount "77"]
[EventDate "2026.??.??"]

1. e4 d6 2. d4 Nf6 3. Nc3 g6 4. Be2 Bg7 5. Be3 Nc6 6. Qd2 h6 7. O-O-O Ng4 8. Bxg4 Bxg4 9. f3 Bd7 10. Nge2 e5 11. d5 Ne7 12. g4 a5 13. Ng3 Nc8 14. h4 Nb6 15. Qe2 Na4 16. Nb5 b6 17. h5 g5 18. Nf5 Bf8 19. Rhf1 Nc5 20. Kd2 a4 21. Ke1 Ra5 22. c4 Bxb5 23. cxb5 Qd7 24. Kf2 Rxb5 25. Rb1 f6 26. Qc4 Rb4 27. Qc2 Kf7 28. Bd2 Rb5 29. b4 axb3 30. axb3 Na6 31. b4 Bg7 32. Qc4 Rc8 33. Ra1 Nb8 34. Ra7 Bf8 35. Rc1 Kg8 36. Ke3 Kh8 37. Kd3 Qe8 38. Rxc7 Rxc7 39. Qxc7 1-0

[Event "57.SMM B CSK Merania 2-Sterzing/Ridnaun"]
[Site "?"]
[Date "2026.01.10"]
[Round "5.2"]
[White "Goetsch, Thomas"]
[Black "Aigner, Helmut"]
[Result "0-1"]
[WhiteElo "1699"]
[BlackElo "1913"]
[PlyCount "60"]
[EventDate "2025.11.15"]
[SourceVersionDate "2024.11.03"]

{[%evp 0,60,20,19,19,16,16,12,16,-33,-8,-25,-95,-35,-35,-35,-30,-54,-63,-63,-39,-28,-27,-15,2,0,0,-45,-26,-69,-90,-79,-78,-94,-87,-106,-79,-70,-62,-71,-18,-23,-5,-185,-346,-418,-406,-424,-356,-412,-437,-432,-399,-416,-394,-412,-359,-360,-328,-396,-229,-1356,-1342]} 1. e4 e5 2. Nf3 Nc6 3. Bc4 Nf6 4. d4 exd4 5. e5 d5 6. Bb5 Ne4 7. Nxd4 Bd7 8. Nxc6 bxc6 9. Bd3 Nc5 10. O-O Qh4 11. Be3 Be7 12. Nc3 O-O 13. Ne2 f6 14. Bf4 fxe5 15. Bxe5 Bd6 16. Bxd6 cxd6 17. Ng3 Qf4 18. c3 Rae8 19. Qc2 h6 20. Rae1 Rxe1 21. Rxe1 Nxd3 22. Re2 Ne5 23. h3 Bf5 24. Qd1 Bd3 25. Rd2 Bc4 26. b3 Ba6 27. Qc2 Re8 28. Rd4 Qf6 29. Qd2 Qg5 30. Qe1 Nf3+ 0-1

[Event "57.SMM B CSK Merania 2-Sterzing/Ridnaun"]
[Site "?"]
[Date "2026.01.10"]
[Round "5.5"]
[White "Demozzi, Daniel"]
[Black "Pampalone, Andrè Leonardo"]
[Result "1-0"]
[WhiteElo "1765"]
[BlackElo "1562"]
[PlyCount "59"]
[EventDate "2025.11.15"]
[SourceVersionDate "2024.11.03"]

{[%evp 0,59,20,-58,-51,-81,-43,-46,-36,-61,-54,-71,-14,-73,-32,-76,-37,-54,-28,-30,-27,-15,-9,-7,-1,-31,-12,-12,43,-6,20,6,51,-60,50,23,127,116,186,187,187,187,204,173,178,113,181,133,211,177,296,281,516,516,522,531,555,555,572,588,645,509]} 1. b4 e5 2. Bb2 e4 3. e3 Nf6 4. a3 d5 5. c4 c6 6. Qc2 Be7 7. Ne2 O-O 8. Nf4 Be6 9. Nc3 Nbd7 10. Be2 Bd6 11. Nxe6 fxe6 12. f3 exf3 13. gxf3 Ne5 14. c5 Bc7 15. O-O-O a5 16. d4 Ned7 17. b5 cxb5 18. Nxb5 b6 19. c6 Nb8 20. Kb1 Qe7 21. Rc1 Rc8 22. a4 Ne8 23. Ba3 Bd6 24. Nxd6 Nxd6 25. c7 Na6 26. Bxa6 Rxa6 27. Qc6 Rxc7 28. Qxc7 Qxc7 29. Rxc7 Nc4 30. Bc1 1-0

[Event "57.SMM B Team Sparkasse-J.Richter/L 2"]
[Site "?"]
[Date "2026.01.10"]
[Round "5.1"]
[White "Fongarolli, Diego"]
[Black "Valente, Luca"]
[Result "1/2-1/2"]
[WhiteElo "1935"]
[BlackElo "1883"]
[PlyCount "94"]
[EventDate "2026.??.??"]
[SourceVersionDate "2026.01.14"]

{[%evp 0,94,19,31,68,48,60,23,36,36,36,32,28,15,27,38,28,5,3,15,18,24,52,39,42,5,30,26,18,24,15,-6,32,24,22,21,21,18,13,8,50,23,26,-10,-23,-7,-7,-18,-16,-22,-7,-93,-48,-88,-51,-53,18,-34,0,0,27,31,47,18,47,4,84,76,124,138,179,143,184,168,168,168,177,190,183,143,143,110,143,123,79,61,101,5,16,35,21,12,13,21,45,30,161]} 1. e4 c6 2. d4 d5 3. Nc3 dxe4 4. Nxe4 Nf6 5. Nxf6+ exf6 6. c3 Bd6 7. Bd3 O-O 8. Qc2 Re8+ 9. Ne2 h5 10. O-O h4 11. h3 Nd7 12. Be3 Nf8 13. c4 Be6 14. b3 Qd7 15. Nf4 Bxf4 16. Bxf4 Qxd4 17. Be3 Qd7 18. Rad1 Qc7 19. Rfe1 Bd7 20. f4 Re7 21. Bc1 Rxe1+ 22. Rxe1 Rd8 23. f5 Bc8 24. Be4 Re8 25. Rf1 Qe5 26. Rf4 a6 27. Qf2 Qa1 28. Qd2 Qe5 29. Bb2 Qc5+ 30. Bd4 Qd6 31. Qf2 Rd8 32. Bc2 Nd7 33. Rxh4 c5 34. Bc3 b6 35. Qf3 Ne5 36. Qh5 Kf8 37. Qh8+ Ke7 38. Qxg7 Bb7 39. Rh7 Rf8 40. h4 b5 41. Rh6 b4 42. Be1 a5 43. Bf2 Nd7 44. Qg3 Qxg3 45. Bxg3 Rg8 46. Kf2 Ne5 47. Bxe5 fxe5 1/2-1/2

[Event "57.SMM B Naturns-Gröden 2"]
[Site "?"]
[Date "2026.01.10"]
[Round "5.3"]
[White "Kasslatter, Matthias"]
[Black "Nägele, Raimund"]
[Result "1-0"]
[WhiteElo "1761"]
[BlackElo "1716"]
[PlyCount "71"]
[EventDate "2026.??.??"]

{[%evp 0,71,16,28,79,69,76,25,36,65,70,66,26,46,41,41,19,20,30,25,25,25,25,10,30,23,26,26,23,7,7,-9,19,-29,11,-8,-20,-1,11,19,21,14,18,-33,-43,-43,-6,-7,-18,-17,0,-8,9,-12,12,15,157,30,64,107,107,19,187,104,258,269,237,362,390,306,362,316,319,296]} 1. e4 c6 2. d4 d5 3. Nc3 dxe4 4. Nxe4 Bf5 5. Ng3 Bg6 6. Nf3 Nd7 7. h4 h6 8. Bd3 Bxd3 9. Qxd3 e6 10. Bf4 Bb4+ 11. Bd2 Qa5 12. O-O Bxd2 13. Nxd2 Ngf6 14. Nc4 Qc7 15. Rad1 O-O 16. Rfe1 Rfd8 17. Qf3 b5 18. Ne3 Nb6 19. Ne4 Nxe4 20. Qxe4 Nd5 21. Nxd5 cxd5 22. Qd3 Qc4 23. a3 Rdc8 24. c3 Rc7 25. Re3 Rac8 26. Rg3 a6 27. Qf3 Qc6 28. Qg4 g6 29. h5 g5 30. Re1 Re7 31. f4 f5 32. Qh4 Rcc7 33. fxg5 hxg5 34. Rxg5+ Rg7 35. h6 Rxg5 36. Qxg5+ 1-0